Catálogo

The red pyramid : (Registro nro. 46299)

Detalles MARC
000 -LEADER
fixed length control field 01506cam a2200385 i 4500
001 - CONTROL NUMBER
control field 46299
003 - CONTROL NUMBER IDENTIFIER
control field Mx-PuUPA
005 - DATE AND TIME OF LATEST TRANSACTION
control field 20250625092849.0
008 - FIXED-LENGTH DATA ELEMENTS--GENERAL INFORMATION
fixed length control field 140415s2012 nyua dr6 000 h eng d
020 ## - INTERNATIONAL STANDARD BOOK NUMBER
International Standard Book Number 9781423150695
Qualifying information rústica
040 ## - CATALOGING SOURCE
Original cataloging agency Mx-PuUPA
Language of cataloging spa
Transcribing agency Mx-PuUPA
Modifying agency Mx-PuUPA
Description conventions rda
041 0# - LANGUAGE CODE
Language code of text/sound track or separate title eng
100 1# - MAIN ENTRY--PERSONAL NAME
Personal name Riordan, Rick,
Dates associated with a name 1964-
9 (RLIN) 15382
Relator term autor
245 10 - TITLE STATEMENT
Title The red pyramid :
Remainder of title the graphic novel /
Statement of responsibility, etc. Rick Riordan ; adapted by Orpheus Collar ; letterd by Jared Fletcher
246 3# - VARYING FORM OF TITLE
Title proper/short title The graphic novel
250 ## - EDITION STATEMENT
Edition statement First graphic novel edition
264 #1 - PRODUCTION, PUBLICATION, DISTRIBUTION, MANUFACTURE, AND COPYRIGHT NOTICE
Place of production, publication, distribution, manufacture Los Angeles :
Name of producer, publisher, distributor, manufacturer Disney-Hyperion,
Date of production, publication, distribution, manufacture, or copyright notice 2012
300 ## - PHYSICAL DESCRIPTION
Extent 1 volumen (sin paginar) :
Other physical details principalmente ilustraciones en color ;
Dimensions 23 cm
336 ## - CONTENT TYPE
Fuente rdacontent
Content type term texto
Content type code txt
336 ## - CONTENT TYPE
Fuente rdacontent
Content type term imagen fija
Content type code sti
337 ## - MEDIA TYPE
Source rdamedia
Media type term sin medio
Media type code n
338 ## - CARRIER TYPE
Source rdacarrier
Carrier type term volumen
Carrier type code nc
490 0# - SERIES STATEMENT
Series statement The Kane chronicles graphic novel ;
Volume/sequential designation v.1
650 #7 - SUBJECT ADDED ENTRY--TOPICAL TERM
Source of heading or term armarc
Topical term or geographic name entry element Novela gráfica
650 #7 - SUBJECT ADDED ENTRY--TOPICAL TERM
Source of heading or term armarc
Topical term or geographic name entry element Aventuras y aventureros
General subdivision Novela
650 #7 - SUBJECT ADDED ENTRY--TOPICAL TERM
Source of heading or term armarc
Topical term or geographic name entry element Viajes
General subdivision Novela
650 #7 - SUBJECT ADDED ENTRY--TOPICAL TERM
Source of heading or term armarc
Topical term or geographic name entry element Mitología egipcia
General subdivision Novela
650 #7 - SUBJECT ADDED ENTRY--TOPICAL TERM
Source of heading or term armarc
Topical term or geographic name entry element Hermanos y hermanas
General subdivision Novela
700 1# - ADDED ENTRY--PERSONAL NAME
Personal name Collar, Orpheus,
Relator term adaptador
700 1# - ADDED ENTRY--PERSONAL NAME
Personal name Fletcher, Jared,
Relator term calígrafo
775 08 - OTHER EDITION ENTRY
Relationship information Adaptación de:
Main entry heading Riordan, Rick, 1964-
Title The red pyramid. Book One
Place, publisher, and date of publication Los Angeles : Hyperion, 2011
Record control number (Mx-PuUPA) 40653
International Standard Book Number 9781368013581
942 ## - ADDED ENTRY ELEMENTS (KOHA)
Source of classification or shelving scheme Dewey Decimal Classification
Koha item type Libro
Classification part 741.5973
Item part R6278
Existencias
Withdrawn status Lost status Source of classification or shelving scheme Damaged status Not for loan Collection code Home library Current library Shelving location Date acquired Serial Enumeration / chronology Total Checkouts Full call number Barcode Date last seen Price effective from Koha item type
    Dewey Decimal Classification     General Angelópolis Angelópolis Sala general 23/06/2025 v.1   741.5973 R6278 2012 965000000384 23/06/2025 23/06/2025 Libro